| 000 | 00389nam a2200157Ia 4500 | ||
|---|---|---|---|
| 008 | 230524s9999 xx 000 0 und d | ||
| 082 |
_a4.133 _bWIL |
||
| 100 | _aWilliam Newman | ||
| 245 | 0 | _aPrinciples of Interactive Computer Graphics | |
| 250 | _a1ST | ||
| 260 |
_aNEW DELHI _bTMH _c1997 |
||
| 300 | _aXVI;541 | ||
| 500 | _aQuantity Number: 42 | ||
| 650 | _aComp-Sc | ||
| 942 | _cBK | ||
| 999 |
_c21151 _d21151 |
||